000
00235 a2200097 4500
001
25412
100
_a
Hardie, D W F
245
_a
History of the Modern British Chemical industry
260
_a
_b
Pergamon
_c
1969
090
_c
17154
_d
17154
942
_a
NUST-CAE
_c
M
_c
7952
999
_c
260485
_d
260485